000 00828nam a22002417a 4500
005 20250501170039.0
008 250501b |||||||| |||| 00| 0 eng d
020 _a978-81-269-3835-3 (hbk)
037 _cTB
040 _aCRL
_cCRL
041 _2eng
_aeng
084 _aY0gW R4
_qCRL
245 _aAnthology of socio-political issues:
_bSome insights on critical thinking
260 _aNew Delhi, India:
_bAtlantic Publishers,
_c2024.
300 _axvii, 302p.
365 _b1195.00
_cINR
650 _aSociology
650 _aPolitical Science
700 _aRoy, Ritobrata
_eEditor
_9753676
700 _aNandi, Ashis
_eEditor
942 _2CC
_cTB
_hY0gW R4
_n0
999 _c1309897
_d1309897